000 00507nam a2200193Ia 4500
005 20140402150311.0
008 140130s9999 xx 000 0 und d
020 _a043957370x
050 _aPZ 7
_b.C495 2005
100 _aChatterton, Martin
_923899
245 _cMartin Chatterton.
_aBad Dog and that Hollywood Hoohah /
260 _bScholastic,
_c2005.
_aUSA :
300 _a172 p. :
_bill. ;
_c19 cm.
440 _v1
_931174
521 _aG5
526 _c780
942 _cBK
_2lcc
999 _c41114
_d41114